| 000 | 00882nam a2200289Ia 4500 | ||
|---|---|---|---|
| 001 | Para_9544 | ||
| 003 | CHAP | ||
| 005 | 20230315103609.0 | ||
| 008 | 220125s2003 xx 000 0 und d | ||
| 010 | _a208218 | ||
| 040 | _cCHAP | ||
| 082 | _aPA 632.95 S5 | ||
| 100 |
_aSilva Aguayo, Gonzalo ed. _9174558 |
||
| 245 |
_aBases para el manejo racional de insecticidas / _c edit. por Gonzalo Silva Aguayo y Ruperto Hepp Gallo |
||
| 260 |
_aChile : _b FIA |
||
| 300 | _a309 p. | ||
| 650 |
_aInsecticidas _x medidas de seguridad _958875 |
||
| 650 |
_aInsecticidas _x toxicidad _958882 |
||
| 650 |
_aInsectos _x resistencia a insecticidas _958941 |
||
| 700 |
_aHepp Gallo, Ruperto _9174559 |
||
| 901 | _a632.95 S5 | ||
| 902 | _aM | ||
| 905 | _a0000002003 n 0000000000 00 | ||
| 910 | _a2003 | ||
| 942 |
_cPARA _2ddc |
||
| 942 |
_cPARA _2ddc |
||
| 999 |
_c208218 _d208218 |
||